|
|
|
|
| LEADER |
00000nam a2200000 a 4500 |
| 001 |
UCP9392 |
| 003 |
CL-VaPUC |
| 008 |
000324e19810000IT |||||||||||||||||ita|d |
| 082 |
0 |
4 |
|a 923.5
|b LID
|2 21
|
| 100 |
|
|
|a Liddell Hart, Basil
|e author
|9 439929
|
| 245 |
1 |
0 |
|a Publio Cornelio Scipione Africano
|
| 250 |
|
|
|a 2a. ed
|
| 300 |
|
|
|a 275 P
|
| 942 |
|
|
|c BK
|
| 945 |
|
|
|d 20000324 00:00:00
|a rherrera
|
| 260 |
|
|
|a Milán
|b Rizzoli
|c 1981
|
| 600 |
0 |
7 |
|a ESCIPION EL AFRICANO, PUBLIO CORNELIO
|2 CL-VaPUC
|9 439916
|
| 600 |
|
0 |
|a Aníbal de Cartago
|d 247 a.C-182 a.C
|9 438168
|
| 650 |
|
0 |
|a Biografías
|9 255210
|
| 650 |
|
7 |
|a GENERALES
|2 CL-VaPUC
|9 315864
|
| 650 |
|
0 |
|a Guerras púnicas
|9 318990
|
| 583 |
|
|
|a last modification
|c 20000324 00:00:00
|k Rodrigo Vera
|
| 999 |
|
|
|c 286207
|d 286205
|
| 952 |
|
|
|0 0
|1 0
|4 0
|6 923_500000000000000_LID_1981
|7 0
|8 A
|9 331708
|a BIBHIS
|b BIBHIS
|d 2019-11-20
|i 1389343
|o 923.5 LID 1981
|p 1389343
|r 2025-01-20
|w 2019-11-20
|y BK
|k HIS
|